Podnikové IT riešenia uľahčujú výmenu a prístup k údajom
Zber, uchovanie, prenos, spracovanie a vyhľadávanie informácií patria ku každodennej agende firmy. Musia byť preto prehľadné a jednoduché, inak sa dostaví chaos a pracovné postupy sú zdĺhavé a neefektívne.
Salvato in:
| Autore principale: | |
|---|---|
| Natura: | Capitolo di libro |
| Lingua: | slovacco |
| Soggetti: | |
| Tags: |
Nessun Tag, puoi essere il primo ad aggiungerne!!
|
MARC
| LEADER | 00000naa a2200000 4500 | ||
|---|---|---|---|
| 001 | 0220560 | ||
| 005 | 20160719083716.9 | ||
| 041 | 0 | |a slo | |
| 044 | |a SK | ||
| 245 | 1 | 0 | |a Podnikové IT riešenia uľahčujú výmenu a prístup k údajom |c Michal Drobný |
| 520 | |a Zber, uchovanie, prenos, spracovanie a vyhľadávanie informácií patria ku každodennej agende firmy. Musia byť preto prehľadné a jednoduché, inak sa dostaví chaos a pracovné postupy sú zdĺhavé a neefektívne. | ||
| 610 | 2 | 0 | |a zber dát |
| 610 | 2 | 0 | |a podnik |
| 610 | 2 | 0 | |a digitalizácia |
| 610 | 2 | 0 | |a technológie informačné |
| 610 | 2 | 0 | |a technológie komunikačné |
| 610 | 2 | 0 | |a systémy informačné |
| 610 | 2 | 0 | |a systémy informačné organizácií |
| 100 | 1 | |a Drobný, Michal | |